Primer encuentro nacional de análisis no lineal
Guardat en:
| Autor corporatiu: | |
|---|---|
| Format: | Llibre |
| Idioma: | espanyol anglès |
| Publicat: |
Concepción
Universidad de Concepción
1985
|
| Matèries: | |
| Etiquetes: |
Afegir etiqueta
Sense etiquetes, Sigues el primer a etiquetar aquest registre!
|
MARC
| LEADER | 00000nam a2200000 a 4500 | ||
|---|---|---|---|
| 001 | UCP3738 | ||
| 003 | CL-VaPUC | ||
| 005 | 20240102124233.0 | ||
| 008 | 990702e19850000cl 1 spa d | ||
| 041 | 0 | 7 | |a spa |2 CL-VaPUC |
| 041 | 0 | 7 | |a eng |2 CL-VaPUC |
| 082 | 0 | 4 | |a 515 |b UNI |2 21 |
| 110 | 2 | |a Universidad de Concepción |e author |9 619565 | |
| 245 | 1 | 0 | |a Primer encuentro nacional de análisis no lineal |
| 260 | |a Concepción |b Universidad de Concepción |c 1985 | ||
| 300 | |a 185 p | ||
| 583 | |a last modification |c 19990702 00:00:00 |k Rodrigo Vera | ||
| 650 | 0 | 0 | |a Análisis matemático |9 260146 |
| 650 | 0 | 0 | |a Análisis no lineal |9 424986 |
| 650 | 0 | 0 | |a Ecuaciones no lineales |9 343071 |
| 650 | 0 | 7 | |a TEORIA DE LA BIFURCACION |2 CL-VaPUC |9 269963 |
| 650 | 0 | 0 | |a Optimización matemática |9 259780 |
| 650 | 0 | 0 | |a Congresos |9 257560 |
| 942 | |c BK | ||
| 945 | |a crobeson |d 19990702 00:00:00 | ||
| 546 | |a En Español | ||
| 546 | |a En Inglés | ||
| 536 | |a PNUD-UNESCO | ||
| 536 | |a Universidad de Concepción | ||
| 518 | |p Encuentro Nacional de Análisis No Lineal, 1, Concepción, 27 al 29 de Septiembre de 1984 | ||
| 999 | |c 383460 |d 383458 | ||
| 952 | |0 0 |1 0 |4 0 |6 515_000000000000000_UNI_1985 |7 0 |8 A |9 505583 |a BIBMAT |b BIBMAT |d 2020-01-23 |i 1351621 |o 515 UNI 1985 |p 1351621 |r 2025-01-07 |w 2020-01-23 |y BK |k MAT | ||